Premiers of Victoria - Statistics

General Stats
  • This quiz has been taken 49 times
    5 since last reset
  • The average score is 11 of 68
Answer Stats
Years Party Answer % Correct
2014-2023 Labor Daniel Andrews
100%
2023- Labor Jacinta Allan
100%
1992-1999 Liberal Jeff Kennett
100%
2013-2014 Liberal Dennis Napthine
75%
1955-1972 Liberal Henry Bolte
75%
1990-1992 Labor Joan Kirner
75%
1924-1927 Country John Allan
75%
2007-2010 Labor John Brumby
75%
1999-2007 Labor Steve Bracks
75%
2010-2013 Liberal Ted Baillieu
75%
1982-1990 Labor John Cain Jr.
50%
1943-1943 Labor John Cain Sr.
50%
1945-1947 Labor John Cain Sr.
50%
1952-1955 Labor John Cain Sr.
50%
1950-1952 Country John McDonald
25%
1952-1952 Country John McDonald
25%
1935-1943 Country Albert Dunstan
0%
1943-1945 Country Albert Dunstan
0%
1901-1902 Independent Alexander Peacock
0%
1914-1917 Commonwealth Liberal Alexander Peacock
0%
1924-1924 Nationalist Alexander Peacock
0%
1899-1900 Independent Allan McLean
0%
1881-1883 Independent Bryan O'Loghlen
0%
1871-1872 Independent Charles Duffy
0%
1868-1868 Independent Charles Sladen
0%
1886-1890 Independent Duncan Gillies
0%
1927-1928 Labor Edmond Hogan
0%
1929-1932 Labor Edmond Hogan
0%
1913-1913 Labor George Elmslie
0%
1874-1875 Independent George Kerferd
0%
1924-1924 Labor George Prendergast
0%
1894-1899 Independent George Turner
0%
1900-1901 Independent George Turner
0%
1875-1875 Independent Graham Berry
0%
1877-1880 Independent Graham Berry
0%
1880-1881 Independent Graham Berry
0%
1918-1924 Nationalist Harry Lawson
0%
1945-1945 Liberal Ian Macfarlan
0%
1872-1874 Independent James Francis
0%
1863-1868 Independent James McCullogh
0%
1868-1869 Independent James McCullogh
0%
1870-1871 Independent James McCullogh
0%
1875-1877 Independent James McCullogh
0%
1890-1892 Independent James Munro
0%
1893-1894 Independent James Patterson
0%
1880-1880 Independent James Service
0%
1883-1886 Independent James Service
0%
1917-1918 Nationalist John Bowser
0%
1869-1870 Independent John McPherson
0%
1909-1912 Commonwealth Liberal John Murray
0%
1857-1857 Independent John O'Shannassy
0%
1858-1859 Independent John O'Shannassy
0%
1861-1863 Independent John O'Shannassy
0%
1981-1982 Liberal Lindsay Thompson
0%
1860-1861 Independent Richard Heales
0%
1972-1981 Liberal Rupert Hamer
0%
1932-1935 United Australia Stanley Argyle
0%
1904-1909 Reform Thomas Bent
0%
1947-1950 Liberal Thomas Hollway
0%
1952-1952 Independent Thomas Hollway
0%
1855-1857 Independent William Haines
0%
1857-1858 Independent William Haines
0%
1902-1904 Reform William Irvine
0%
1928-1929 Nationalist William McPherson
0%
1859-1860 Independent William Nicholson
0%
1892-1893 Independent William Shiels
0%
1912-1913 Commonwealth Liberal William Watt
0%
1913-1914 Commonwealth Liberal William Watt
0%
No matching quizzes found
Score Distribution
Percent of People with Each Score
Percentile by Number Answered
Your Score History
You have not taken this quiz since the last reset